Význam a postavenie poznatkovo-intenzívnych služieb v znalostnej ekonomike diplomová práca

Salvato in:
Dettagli Bibliografici
Autore principale: Nagyová, Réka
Ente Autore: Obchodná fakulta EU. Katedra služieb a cestovného ruchu - zrušené
Altri autori: Benešová, Dana, 1958-
Natura: Libro
Lingua:slovacco
Pubblicazione: Bratislava 2011
Tags: Aggiungi Tag
Nessun Tag, puoi essere il primo ad aggiungerne!!

MARC

LEADER 00000nbm a2200000 4500
001 0140373
005 20161109101930.3
041 0 |a slo 
044 |a SK 
245 1 0 |a Význam a postavenie poznatkovo-intenzívnych služieb v znalostnej ekonomike  |b diplomová práca  |c Réka Nagyová ; školiteľ: Dana Benešová 
264 1 |a Bratislava  |c 2011 
300 |a 109 s. 
100 1 |a Nagyová, Réka 
700 1 |a Benešová, Dana, 1958- 
710 2 |a Obchodná fakulta EU. Katedra služieb a cestovného ruchu - zrušené